000
00437nam a2200169Ia 4500
008
090711s9999 xx 000 0 und d
082
_b
64155
100
_a
गांगल वसंत
245
_a
प्राSाी
260
_c
1990
300
_a
160
600
_a
गांगल वसंत
630
_a
प्राSाी
700
_a
गांगल वसंत
730
_a
प्राSाी
942
_c
BOOK
999
_c
298363
_d
298363